000 00625nam a22001815i 4500
001 53288
003 ES-MaACL
005 20230906162735.0
007 t|
008 950913s1896 sp ||||1| spa d
040 _aCAM
_bspa
_cCAM
100 1 _aDusmet y Alonso, José María.
_946341
245 1 0 _aAlgunos datos para el estudio de los tentredínidos de España /
_cpor José Mª Dusmet y Alonso.
260 _aMadrid :
_b[s.n.],
_c1896 (
_fEst. tip. de Fortanet)
300 _a54 p. ;
_c24 cm.
500 _aExtraído de Anales de la Sociedad Española de Historia Natural, t. XXV, 1896.
852 _aES-MaACL
_jT-1474-F-5
999 _c53288
_d53288